Prolegomena to any future historiography of cultures and civilizations by Daya Krishna (Record no. 58118)

MARC details
000 -LEADER
fixed length control field 00829nam a2200301Ia 4500
003 - CONTROL NUMBER IDENTIFIER
control field OSt
005 - DATE AND TIME OF LATEST TRANSACTION
control field 20220912150944.0
008 - FIXED-LENGTH DATA ELEMENTS--GENERAL INFORMATION
fixed length control field 220909b |||||||| |||| 00| 0 eng d
020 ## - INTERNATIONAL STANDARD BOOK NUMBER
International Standard Book Number 8121507642 (hbd)
037 ## - SOURCE OF ACQUISITION
Terms of availability Textual
040 ## - CATALOGING SOURCE
Original cataloging agency CSL
Language of cataloging eng
Transcribing agency CSL
041 ## - LANGUAGE CODE
Language code of text/sound track or separate title eng
100 ## - MAIN ENTRY--PERSONAL NAME
Personal name Krishna Daya
245 #0 - TITLE STATEMENT
Title Prolegomena to any future historiography of cultures and civilizations by Daya Krishna
260 ## - PUBLICATION, DISTRIBUTION, ETC.
Place of publication, distribution, etc. New Delhi
Name of publisher, distributor, etc. PHISPC Publications
Date of publication, distribution, etc. 1997
300 ## - PHYSICAL DESCRIPTION
Extent xi, 241p
500 ## - GENERAL NOTE
General note Index 235-241p
650 ## - SUBJECT ADDED ENTRY--TOPICAL TERM
Topical term or geographic name entry element Cultures
650 ## - SUBJECT ADDED ENTRY--TOPICAL TERM
Topical term or geographic name entry element Historiography
650 ## - SUBJECT ADDED ENTRY--TOPICAL TERM
Topical term or geographic name entry element Sociology
942 ## - ADDED ENTRY ELEMENTS (KOHA)
Classification part Y:1:(Vv), N7
Koha item type Textual
Source of classification or shelving scheme Colon Classification (CC)
Holdings
Withdrawn status Lost status Damaged status Not for loan Home library Current library Date acquired Source of acquisition Total Checkouts Full call number Barcode Date last seen Price effective from Koha item type
        Central Science Library Central Science Library 2022-09-12 Munshriam,   Y:1:(Vv) N7 SL1173838 2022-09-12 2022-09-12 Textual
Copyright @ Delhi University Library System